[Event "OLSW 2122 SK Gau-Algesheim - SF Heidesh"]
[Site "?"]
[Date "2022.03.13"]
[Round "7.2"]
[White "Pryvalov, Ivan"]
[Black "Perske, Thore"]
[Result "1-0"]
[WhiteElo "2110"]
[BlackElo "2452"]
[PlyCount "85"]
[EventDate "2022.??.??"]

1. d4 Nf6 2. Bf4 g6 3. Nf3 Bg7 4. e3 O-O 5. h3 d6 6. c3 b6 7. Nbd2 Bb7 8. Bc4
Nbd7 9. O-O Qe8 10. Bh2 e5 11. dxe5 dxe5 12. Qc2 Qe7 13. e4 Nh5 14. Rfe1 Rfe8
15. a4 a6 16. b4 Nf4 17. Bg3 Bf6 18. Qb3 Kg7 19. Re3 c6 20. Bf1 b5 21. axb5
axb5 22. Ree1 Nh5 23. Bh2 Reb8 24. Rxa8 Rxa8 25. c4 Ra4 26. c5 Ra8 27. Qc3 g5
28. Ra1 Nf4 29. Rxa8 Bxa8 30. Qa3 Qd8 31. Qa7 Kf8 32. Nb3 Qc8 33. Na5 Bd8 34.
Nb3 Ke8 35. Qa1 f6 36. Bxf4 gxf4 37. Nh4 Bb7 38. Qd1 Nf8 39. Qh5+ Kd7 40. Be2
Qa8 41. Bg4+ f5 42. Qf7+ Be7 43. Nxf5 1-0

[Event "OLSW 2122 SV Speyer Schwegenheim II - S"]
[Site "?"]
[Date "2022.03.13"]
[Round "7.1"]
[White "Syrov, Arkadi"]
[Black "Bodrozic, Tomislav"]
[Result "0-1"]
[WhiteElo "2365"]
[BlackElo "2344"]
[PlyCount "134"]
[EventDate "2022.??.??"]

1. e4 e6 2. d4 d5 3. e5 c5 4. c3 Nc6 5. Nf3 Bd7 6. a3 c4 7. Nbd2 Na5 8. h4 Bc6
9. b4 cxb3 10. Nxb3 Ba4 11. Nfd2 Qb6 12. Rb1 Ne7 13. Nxa5 Bxd1 14. Rxb6 axb6
15. Bb5+ Kd8 16. Nxb7+ Kc7 17. Nd6 Bh5 18. Nf1 Nc8 19. Nxc8 Kxc8 20. a4 Be7 21.
Ng3 Bg6 22. Be3 f6 23. Kd2 Be8 24. Kd3 Bxb5+ 25. axb5 Kd7 26. h5 Rhc8 27. h6 g6
28. Ne2 f5 29. Nf4 Ra5 30. Rb1 Ra3 31. Bd2 Bg5 32. Nxd5 exd5 33. Bxg5 Rcxc3+
34. Kd2 Rd3+ 35. Ke2 Rxd4 36. Bf6 Rc4 37. Kf1 Ke6 38. Bd8 Rac3 39. Bxb6 Rc1+
40. Rxc1 Rxc1+ 41. Ke2 Kxe5 42. Kd3 Rb1 43. Bc7+ Ke6 44. b6 Rb4 45. Kc3 Rc4+
46. Kd3 Kd7 47. Be5 Kc6 48. Bd4 Ra4 49. g3 Ra3+ 50. Kc2 Rf3 51. Be3 Rxe3 52.
fxe3 Kxb6 53. Kb2 Kc6 54. Kc3 Kd6 55. Kd4 Ke6 56. Kc5 Ke5 57. Kc6 g5 58. Kd7 f4
59. exf4+ gxf4 60. gxf4+ Kxf4 61. Ke6 d4 62. Kf6 d3 63. Kg7 d2 64. Kxh7 d1=Q
65. Kg8 Kg5 66. h7 Kg6 67. h8=B Qd8# 0-1

[Event "OLSW 2122 SV Speyer Schwegenheim II - S"]
[Site "?"]
[Date "2022.03.13"]
[Round "7.2"]
[White "Berend, Fred"]
[Black "Fulea, Dan"]
[Result "1/2-1/2"]
[WhiteElo "2323"]
[BlackElo "2211"]
[PlyCount "84"]
[EventDate "2022.??.??"]

1. g3 d5 2. Nf3 Nf6 3. Bg2 c5 4. c4 d4 5. e3 Nc6 6. exd4 cxd4 7. O-O e6 8. d3
Bd6 9. a3 a5 10. Bg5 h6 11. Bxf6 Qxf6 12. Nbd2 Qd8 13. Qa4 O-O 14. b4 e5 15. c5
Bb8 16. Rfe1 f6 17. Nc4 Bf5 18. Nb6 Ra7 19. b5 Ne7 20. Qb3+ Kh8 21. Rac1 a4 22.
Qb1 Be6 23. Nd2 Nd5 24. Nxd5 Bxd5 25. Bxd5 Qxd5 26. Rc4 Ra8 27. Qc2 f5 28. f3
Bc7 29. b6 Bd8 30. c6 Bxb6 31. Rb1 Ba7 32. cxb7 Rae8 33. Qxa4 Bb8 34. Qb5 Qf7
35. Rf1 Kh7 36. a4 Qg6 37. Rc2 e4 38. fxe4 Bxg3 39. Nf3 fxe4 40. Rg2 Rxf3 41.
dxe4 Rxf1+ 42. Qxf1 Qxe4 1/2-1/2

[Event "OLSW 2122 SV Speyer Schwegenheim II - S"]
[Site "?"]
[Date "2022.03.13"]
[Round "7.3"]
[White "Syska, Albert"]
[Black "Berend, Elvira"]
[Result "0-1"]
[WhiteElo "2213"]
[BlackElo "2311"]
[PlyCount "156"]
[EventDate "2022.??.??"]

1. e4 c5 2. Nf3 d6 3. d4 cxd4 4. Nxd4 Nf6 5. Nc3 a6 6. Be2 e5 7. Nb3 Be7 8. O-O
O-O 9. Re1 Be6 10. Bf1 Nbd7 11. a4 Rc8 12. a5 Qc7 13. f3 Qc6 14. Bg5 Rfe8 15.
Kh1 Bf8 16. Rc1 d5 17. exd5 Nxd5 18. Nxd5 Bxd5 19. c4 Be6 20. Bd3 Qc7 21. Be4
Bb4 22. Bd2 Bxd2 23. Qxd2 Nf6 24. Bd5 Bxd5 25. cxd5 Qd6 26. Red1 Rxc1 27. Qxc1
e4 28. Qg5 Qd7 29. fxe4 Nxe4 30. Qe3 Nf6 31. Qf3 Qd6 32. Kg1 h5 33. Qg3 Qb4 34.
Qc3 Qg4 35. Qf3 Qb4 36. Qc3 Qb5 37. d6 h4 38. h3 Ne4 39. Qd3 Nxd6 40. Qxb5 Nxb5
41. Rd7 Re2 42. Rxb7 Rxb2 43. Nc5 Ra2 44. Nxa6 Rxa5 45. Nc5 Nd6 46. Rb8+ Kh7
47. Nd7 Ne4 48. Rb1 Ng3 49. Re1 f6 50. Nf8+ Kh6 51. Ne6 Re5 52. Rxe5 fxe5 53.
Kf2 Kg6 54. Kf3 Kf6 55. Nc5 Kf5 56. Nb7 e4+ 57. Ke3 Ke5 58. Nc5 Nf5+ 59. Kf2
Kd5 60. Nd7 Kd4 61. Ke2 Ng3+ 62. Ke1 Nh5 63. Kf1 Nf4 64. Kf2 e3+ 65. Kf1 Kc3
66. Nc5 e2+ 67. Kf2 g6 68. Ne4+ Kd3 69. Nc5+ Kd4 70. Nb3+ Kc3 71. Nc5 Nd3+ 72.
Kxe2 Nxc5 73. Kf3 Kd4 74. Kg4 Ke5 75. Kxh4 Kf4 76. g3+ Kf5 77. g4+ Kf4 78. g5
Kf5 0-1

[Event "OLSW 2122 SV Speyer Schwegenheim II - S"]
[Site "?"]
[Date "2022.03.13"]
[Round "7.4"]
[White "Commercon, Simon"]
[Black "Kargoll, Peter"]
[Result "1-0"]
[WhiteElo "2205"]
[BlackElo "2139"]
[PlyCount "115"]
[EventDate "2022.??.??"]

1. d4 d5 2. c4 e6 3. Nc3 Nf6 4. cxd5 exd5 5. Bg5 Be7 6. e3 O-O 7. Bd3 Re8 8.
Nge2 Nbd7 9. O-O c6 10. f3 Nf8 11. Bh4 Nh5 12. Bf2 g6 13. Qd2 Be6 14. g4 Ng7
15. Nf4 Bd7 16. Ng2 Rc8 17. Bg3 b5 18. Rad1 Qb6 19. Kh1 Be6 20. Nf4 Bd7 21. Ng2
Be6 22. Be2 Qb7 23. Nf4 b4 24. Na4 Bd7 25. Nd3 Nfe6 26. Rc1 a5 27. f4 f5 28.
Ne5 Rc7 29. Bf3 Rec8 30. h3 Be8 31. b3 Rd8 32. Nd3 Rdc8 33. Rc2 Nd8 34. Nac5
Qa7 35. Ra1 Nb7 36. Nxb7 Qxb7 37. Nc5 Qb6 38. Rac1 Bd6 39. Bh4 Kf7 40. Nd3 Qa7
41. Qg2 Bd7 42. Ne5+ Bxe5 43. fxe5 f4 44. exf4 Qxd4 45. Bxd5+ Be6 46. Bxe6+
Nxe6 47. Rc4 Qd3 48. f5 Nd4 49. e6+ Ke8 50. Bf2 Ne2 51. Re1 gxf5 52. gxf5 Rg7
53. Rg4 Nf4 54. Rxg7 Nxg2 55. Kxg2 Qd5+ 56. Kg1 Kf8 57. f6 h5 58. e7+ 1-0

[Event "OLSW 2122 SV Speyer Schwegenheim II - S"]
[Site "?"]
[Date "2022.03.13"]
[Round "7.5"]
[White "Huseynov, Ahad"]
[Black "Kraemer, Enrico"]
[Result "1-0"]
[WhiteElo "2082"]
[BlackElo "2224"]
[PlyCount "81"]
[EventDate "2022.??.??"]

1. e4 c5 2. Nf3 d6 3. d4 cxd4 4. Nxd4 Nf6 5. Nc3 a6 6. Be2 e5 7. Nb3 Be7 8. Be3
Be6 9. O-O O-O 10. f4 exf4 11. Rxf4 Nc6 12. Qe1 Nd7 13. Rf1 Rc8 14. Rd1 Nce5
15. Nd4 b5 16. Nd5 Bxd5 17. exd5 Bg5 18. Qg3 Bxe3+ 19. Qxe3 Nf6 20. Qb3 Rc5 21.
Nf5 g6 22. Ng3 Qe7 23. Rxf6 Qxf6 24. Ne4 Qf4 25. Nxc5 dxc5 26. Qc3 Nd7 27. d6
b4 28. Qf3 Qxf3 29. gxf3 a5 30. Bb5 Rd8 31. Kf2 Kg7 32. Ke3 Nb6 33. d7 Kf8 34.
Rd6 Na8 35. Rc6 Ke7 36. Rxc5 f6 37. Kd4 Nb6 38. Rc7 Na8 39. Ra7 h5 40. Kc5 Rb8
41. Rxa5 1-0

[Event "OLSW 2122 SV Speyer Schwegenheim II - S"]
[Site "?"]
[Date "2022.03.13"]
[Round "7.6"]
[White "Flierl, Pascal"]
[Black "Halabi, Ibrahim"]
[Result "0-1"]
[WhiteElo "2194"]
[BlackElo "2002"]
[PlyCount "80"]
[EventDate "2022.??.??"]

1. e4 c5 2. Nc3 Nc6 3. f4 g6 4. Nf3 Bg7 5. Bb5 Nd4 6. O-O Nxb5 7. Nxb5 d5 8. e5
d4 9. c3 a6 10. Na3 d3 11. Ne1 Bf5 12. Qf3 Qd7 13. h3 h5 14. Nc4 Rd8 15. b3 b5
16. Nb6 Qe6 17. Qb7 Nh6 18. Nf3 O-O 19. Ng5 Rb8 20. Qxb8 Rxb8 21. Nxe6 Bxe6 22.
Ba3 Rxb6 23. Bxc5 Rb7 24. Rf3 Bf5 25. a4 f6 26. exf6 Bxf6 27. axb5 axb5 28. Ra7
Rxa7 29. Bxa7 Bxc3 30. Be3 Bb4 31. Rf1 Nf7 32. Ra1 Nd6 33. Kf2 Kf7 34. Ra2 Be6
35. Bd4 Bf5 36. Ke3 Ke6 37. Ra6 Kd5 38. Ra7 Bxd2+ 39. Kxd2 Kxd4 40. Rxe7 Ne4+
0-1

[Event "OLSW 2122 SV Speyer Schwegenheim II - S"]
[Site "?"]
[Date "2022.03.13"]
[Round "7.7"]
[White "Louis, Volker"]
[Black "Theel, Thomas"]
[Result "1/2-1/2"]
[WhiteElo "2067"]
[BlackElo "2166"]
[PlyCount "57"]
[EventDate "2022.??.??"]

1. d4 Nf6 2. c4 d6 3. Nf3 Nbd7 4. Nc3 e5 5. e4 c6 6. Be2 Be7 7. O-O O-O 8. Qc2
a6 9. Rd1 Qc7 10. Rb1 Re8 11. b4 Nf8 12. b5 Bg4 13. Be3 N6d7 14. Ne1 Bxe2 15.
Qxe2 Bf6 16. Nc2 exd4 17. Nxd4 Ne6 18. Rbc1 g6 19. Qf3 Bg7 20. Qg3 Ne5 21. bxc6
bxc6 22. Nxe6 Rxe6 23. c5 dxc5 24. Na4 c4 25. Nb6 Rd8 26. Nxc4 Ree8 27. Bf4
Rxd1+ 28. Rxd1 Qe7 29. Nxe5 1/2-1/2

[Event "OLSW 2122 SV Speyer Schwegenheim II - S"]
[Site "?"]
[Date "2022.03.13"]
[Round "7.8"]
[White "Gellendin, Ingo"]
[Black "Tresch, Lukas"]
[Result "0-1"]
[WhiteElo "2116"]
[BlackElo "2061"]
[PlyCount "54"]
[EventDate "2022.??.??"]

1. e4 e5 2. Nf3 Nc6 3. Nc3 Nf6 4. Bb5 Bd6 5. d3 h6 6. Be3 O-O 7. Rg1 Ng4 8. Bd2
Bc5 9. Rf1 Re8 10. Qe2 a6 11. Bc4 Na5 12. O-O-O b5 13. Bb3 c6 14. h3 Nf6 15. g4
Nxb3+ 16. axb3 a5 17. g5 hxg5 18. Bxg5 a4 19. bxa4 bxa4 20. Be3 Qb6 21. Nd2 d5
22. Bxc5 Qxc5 23. Qf3 a3 24. Nb3 axb2+ 25. Kd2 Qb4 26. Rg1 Re6 27. Qg2 g6 0-1

[Event "OLSW 2122 SF Heidesheim - SV Speyer Sch"]
[Site "?"]
[Date "2022.04.03"]
[Round "8.3"]
[White "Berend, Fred"]
[Black "Karst, Elmar"]
[Result "1-0"]
[WhiteElo "2318"]
[BlackElo "2312"]
[PlyCount "81"]
[EventDate "2022.??.??"]

1. e4 e6 2. d4 d5 3. Nc3 Bb4 4. e5 c5 5. a3 Bxc3+ 6. bxc3 Qc7 7. Qg4 Ne7 8. Bd3
Bd7 9. Nf3 Nbc6 10. O-O c4 11. Be2 Nf5 12. Qh3 O-O-O 13. a4 Rdg8 14. g4 Nfe7
15. Ng5 Be8 16. f4 Qa5 17. Qe3 h6 18. Nf3 g5 19. fxg5 Rg7 20. Bd2 hxg5 21. Nxg5
Rhg8 22. h4 Ng6 23. Qg3 Nxd4 24. Rae1 Nxc2 25. Rd1 Qc7 26. Rc1 Bxa4 27. Bd1
Qb6+ 28. Rf2 Qb2 29. h5 Nf8 30. Qh4 d4 31. h6 Rg6 32. Nxf7 Nh7 33. Nd6+ Kb8 34.
Qe7 Qb6 35. Nxc4 Qa6 36. Qd6+ Qxd6 37. exd6 d3 38. Ne5 Ng5 39. Nxg6 Nh3+ 40.
Kf1 Nxf2 41. h7 1-0

[Event "OLSW 2122 SF Heidesheim - SV Speyer Sch"]
[Site "?"]
[Date "2022.04.03"]
[Round "8.1"]
[White "Boguslawski, Oleg"]
[Black "Carow, Johannes"]
[Result "1-0"]
[WhiteElo "2379"]
[BlackElo "2446"]
[PlyCount "39"]
[EventDate "2022.??.??"]

1. e4 c5 2. Nf3 e6 3. d4 cxd4 4. Nxd4 a6 5. Bd3 Bc5 6. Nb3 Be7 7. Nc3 Nc6 8.
Qe2 d6 9. Be3 Nf6 10. O-O-O b5 11. g4 Ne5 12. f4 Nfxg4 13. Bd4 Ng6 14. e5 f5
15. exf6 Nxf6 16. Bxg6+ hxg6 17. Qg2 Rb8 18. Qxg6+ Kf8 19. Rhg1 Rg8 20. Ne4 1-0

[Event "OLSW 2122 SF Heidesheim - SV Speyer Sch"]
[Site "?"]
[Date "2022.04.03"]
[Round "8.7"]
[White "Hauck, Heiko"]
[Black "Winkler, Nils"]
[Result "0-1"]
[WhiteElo "2092"]
[BlackElo "1847"]
[PlyCount "82"]
[EventDate "2022.??.??"]

1. e4 c5 2. Nf3 d6 3. d4 cxd4 4. Nxd4 Nf6 5. Nc3 a6 6. Bg5 e6 7. Qd2 Be7 8. Be2
b5 9. a3 Bb7 10. f3 Nbd7 11. O-O Rc8 12. Kh1 Nb6 13. Rae1 O-O 14. Bd3 Nc4 15.
Bxc4 Rxc4 16. f4 Qb6 17. Nf3 Rd8 18. f5 e5 19. Re2 a5 20. Bxf6 Bxf6 21. Nd5
Bxd5 22. Qxd5 Rdc8 23. c3 b4 24. axb4 axb4 25. Nd2 R4c5 26. Qb3 Bg5 27. Nf3 Bh6
28. f6 g6 29. Nh4 Qb5 30. Qd1 bxc3 31. bxc3 Rxc3 32. Ree1 Rc1 33. Qf3 Qb1 34.
Qf2 Rxe1 35. Rxe1 Rc1 36. Nf3 Qxe4 37. Rxc1 Bxc1 38. h3 Qf5 39. Qh4 e4 40. Nd4
Qf1+ 41. Kh2 Bf4+ 0-1

[Event "OLSW 2122 SF Heidesheim - SV Speyer Sch"]
[Site "?"]
[Date "2022.04.03"]
[Round "8.8"]
[White "Vogt, Dustin"]
[Black "Gellendin, Ingo"]
[Result "1-0"]
[WhiteElo "1891"]
[BlackElo "2104"]
[PlyCount "55"]
[EventDate "2022.??.??"]

1. e4 c6 2. d3 d5 3. Nd2 e5 4. Ngf3 Bd6 5. d4 exd4 6. Bd3 Ne7 7. O-O Bg4 8. Re1
Bc5 9. a3 a5 10. Rb1 Na6 11. h3 Bh5 12. Nb3 Bb6 13. exd5 a4 14. dxc6 bxc6 15.
Bxa6 axb3 16. Bd3 bxc2 17. Bxc2 Ra7 18. Be4 Qd6 19. Bg5 Bg6 20. Bxe7 Rxe7 21.
Bxg6 hxg6 22. Qa4 Kd7 23. Rxe7+ Kxe7 24. Re1+ Kf6 25. Ne5 g5 26. Qb3 Qc7 27.
Qf3+ Ke6 28. Nxf7+ 1-0

[Event "OLSW 2122 SF Heidesheim - SV Speyer Sch"]
[Site "?"]
[Date "2022.04.03"]
[Round "8.2"]
[White "Wilhelm, Till"]
[Black "Bodrozic, Tomislav"]
[Result "1/2-1/2"]
[WhiteElo "2334"]
[BlackElo "2349"]
[PlyCount "74"]
[EventDate "2022.??.??"]

1. Nf3 c5 2. b3 Nc6 3. Bb2 Nf6 4. e3 d5 5. Bb5 Qb6 6. c4 dxc4 7. Bxc4 e6 8. O-O
Be7 9. Nc3 O-O 10. Rc1 Bd7 11. Na4 Qa5 12. Bc3 Qd8 13. Bxf6 gxf6 14. Qe2 Rc8
15. Nc3 a6 16. Bd3 Ne5 17. Nxe5 fxe5 18. f4 f5 19. e4 exf4 20. exf5 exf5 21.
Nd5 Bd6 22. Nxf4 Qf6 23. Kh1 Rce8 24. Qf2 Bc6 25. Bc4+ Kh8 26. Bd5 Bxd5 27.
Nxd5 Qe5 28. Nf4 Qxf4 29. Qxf4 Bxf4 30. Rxf4 Re2 31. g4 Rd8 32. gxf5 Rdxd2 33.
f6 Rxh2+ 34. Kg1 Rdg2+ 35. Kf1 Rxa2 36. Kg1 Rag2+ 37. Kf1 Ra2 1/2-1/2

[Event "OLSW 2122 SF Heidesheim - SV Speyer Sch"]
[Site "?"]
[Date "2022.04.03"]
[Round "8.5"]
[White "Commercon, Simon"]
[Black "Foerster, Erik"]
[Result "0-1"]
[WhiteElo "2213"]
[BlackElo "2077"]
[PlyCount "102"]
[EventDate "2022.??.??"]

1. d4 d5 2. c4 c6 3. Nf3 Nf6 4. Nc3 dxc4 5. g3 b5 6. Bg2 Bb7 7. O-O Nbd7 8. Qc2
Nd5 9. e4 Nb4 10. Qb1 e5 11. dxe5 Nd3 12. e6 fxe6 13. Ng5 N7c5 14. Be3 Be7 15.
h4 h6 16. Nh3 O-O 17. Rd1 e5 18. b3 Qa5 19. Ne2 Bc8 20. bxc4 bxc4 21. Qc2 Be6
22. f4 Rab8 23. Rab1 Rb6 24. Rxb6 axb6 25. fxe5 Nxe5 26. Nd4 b5 27. Nf4 Bg4 28.
Rf1 Ncd3 29. Nxd3 Rxf1+ 30. Kxf1 Nxd3 31. Qb1 Qc7 32. Ne2 Bxe2+ 33. Kxe2 Qxg3
34. Qf1 Bxh4 35. Bh3 Qd6 36. Qf5 Ne5 37. Qe6+ Qxe6 38. Bxe6+ Kf8 39. Bc5+ Ke8
40. Bd6 Nf7 41. Bc5 Be7 42. Be3 Nd8 43. Bh3 Bf6 44. Bb6 Nf7 45. Bf5 Ne5 46. Bc7
Nd3 47. Kd2 Ke7 48. Bg6 Be5 49. Bb6 Nf4 50. Bf5 h5 51. Ke3 g5 0-1

[Event "OLSW 2122 SF Heidesheim - SV Speyer Sch"]
[Site "?"]
[Date "2022.04.03"]
[Round "8.4"]
[White "Siegismund, Annelen"]
[Black "Berend, Elvira"]
[Result "0-1"]
[WhiteElo "2141"]
[BlackElo "2323"]
[PlyCount "124"]
[EventDate "2022.??.??"]

1. d4 Nf6 2. c4 e6 3. Nc3 Bb4 4. Qc2 c5 5. dxc5 O-O 6. Nf3 Na6 7. g3 Nxc5 8.
Bg2 b6 9. O-O Bb7 10. Nb5 Be4 11. Qd1 Nb7 12. a3 Be7 13. b3 d5 14. Ne5 Bxg2 15.
Kxg2 a6 16. Nd4 Qc7 17. Ndf3 Rfd8 18. Qc2 h6 19. Bb2 Nd6 20. Rac1 Rac8 21. Qb1
Qb7 22. cxd5 Qxd5 23. Rfd1 Qb7 24. Kg1 Nde4 25. Rxd8+ Bxd8 26. Rxc8 Qxc8 27.
Qd3 Be7 28. Nd2 Nxd2 29. Qxd2 b5 30. Qd3 Bc5 31. e3 Be7 32. a4 bxa4 33. bxa4
Qb7 34. Qd4 Bf8 35. Nd3 Ne4 36. Ne5 Ng5 37. h4 Nh3+ 38. Kf1 f6 39. Ng4 Qh1+ 40.
Ke2 Ng1+ 41. Kd3 Nf3 42. Nxf6+ gxf6 43. Qg4+ Kh7 44. Qe4+ f5 45. Qxe6 Qb1+ 46.
Kc3 Bg7+ 47. Kb4 Qxb2+ 48. Ka5 Qe5+ 49. Qxe5 Bxe5 50. Kxa6 Kg6 51. a5 Bc3 52.
Kb5 Bxa5 53. Kxa5 Nd2 54. Kb5 Ne4 55. f3 Nxg3 56. Kc5 Kh5 57. Kd5 Kxh4 58. Ke5
Kg5 59. e4 f4 60. Kd5 h5 61. e5 h4 62. e6 Nf5 0-1

[Event "OLSW 2122 SF Heidesheim - SV Speyer Sch"]
[Site "?"]
[Date "2022.04.03"]
[Round "8.6"]
[White "Faldum, Manfred"]
[Black "Flierl, Pascal"]
[Result "0-1"]
[WhiteElo "2043"]
[BlackElo "2179"]
[PlyCount "132"]
[EventDate "2022.??.??"]

1. Nf3 c6 2. g3 d5 3. Bg2 Nf6 4. O-O e6 5. d3 Be7 6. Nbd2 O-O 7. e4 b6 8. e5
Nfd7 9. Re1 c5 10. Nf1 Nc6 11. h4 Bb7 12. N1h2 Re8 13. Bf4 Nf8 14. Ng5 h6 15.
Ngf3 Ng6 16. Bc1 Qc7 17. Qe2 Bf8 18. h5 Nge7 19. g4 g5 20. Nxg5 hxg5 21. Bxg5
Qxe5 22. Qxe5 Nxe5 23. Rxe5 Bg7 24. Re2 Bxb2 25. Rb1 Bc3 26. Nf3 Nc6 27. Bf4 e5
28. Bd2 Bxd2 29. Rxd2 f6 30. Nh4 Nd4 31. c3 Ne6 32. Nf5 Rad8 33. Kh2 Nf4 34.
Bh1 Bc8 35. Nh4 Kf7 36. Rg1 Rg8 37. Bf3 Rg5 38. Ng2 Bxg4 39. Nxf4 Bxf3 40. Rxg5
fxg5 41. Kg3 g4 42. Ng6 Kf6 43. Nh4 Kg5 44. Nxf3+ gxf3 45. Kxf3 Rf8+ 46. Ke2
Rf4 47. f3 d4 48. cxd4 exd4 49. Kf2 Rh4 50. Kg3 Rxh5 51. Re2 Rh1 52. Re7 Rd1
53. f4+ Kf5 54. Rf7+ Ke6 55. Rxa7 Rxd3+ 56. Kg4 Kd6 57. Kf5 Re3 58. Rh7 c4 59.
Rh8 c3 60. Rc8 Re2 61. Kg4 Kd5 62. f5 Rf2 63. a4 Ke5 64. Re8+ Kd6 65. Rc8 c2
66. Kg5 Kd7 0-1

[Event "OSW SC Caissa Schwarzenbach- SK Gau-Alg"]
[Site "?"]
[Date "2022.04.03"]
[Round "8.1"]
[White "Ovsejevitsch, Sergei"]
[Black "Frischmann, Rick"]
[Result "1-0"]
[WhiteElo "2571"]
[BlackElo "2346"]
[PlyCount "69"]
[EventDate "2022.??.??"]

1. Nf3 Nf6 2. c4 g6 3. Nc3 Bg7 4. e4 e5 5. Nxe5 O-O 6. Nf3 Re8 7. d3 d5 8. cxd5
Nxd5 9. Nxd5 Qxd5 10. Be2 Qd6 11. O-O c5 12. d4 cxd4 13. Bc4 Be6 14. Bxe6 Rxe6
15. Qd3 Na6 16. Ng5 Re7 17. f4 Nc5 18. Qh3 h6 19. e5 Qb6 20. Nf3 Rd8 21. f5
Bxe5 22. Bxh6 Ne4 23. Rae1 d3+ 24. Be3 Qxb2 25. fxg6 fxg6 26. Qg4 Bf6 27. Nh4
Rde8 28. Nf5 Re6 29. Qxg6+ Bg7 30. Qg4 Nd6 31. Bd4 Qxd4+ 32. Nxd4 Rxe1 33. Nf3
R8e4 34. Qg6 d2 35. Nxd2 1-0

[Event "OSW SC Caissa Schwarzenbach- SK Gau-Alg"]
[Site "?"]
[Date "2022.04.03"]
[Round "8.2"]
[White "Chassard, Cedric"]
[Black "Pryvalov, Ivan"]
[Result "0-1"]
[WhiteElo "2035"]
[BlackElo "2128"]
[PlyCount "202"]
[EventDate "2022.??.??"]

1. e4 c6 2. d4 d5 3. e5 c5 4. Nf3 cxd4 5. Nxd4 e6 6. c4 Nc6 7. Nc3 dxc4 8. Nxc6
Qxd1+ 9. Kxd1 bxc6 10. Bxc4 Ne7 11. Ke2 Rb8 12. b3 Nd5 13. Ne4 Bb4 14. Bb2 O-O
15. Bd4 Nb6 16. a3 Be7 17. Rhd1 Nxc4 18. bxc4 Ba6 19. Rdc1 Rfd8 20. Bc5 Rb2+
21. Ke3 Rb3+ 22. Ke2 Rb2+ 23. Kf3 Rd3+ 24. Be3 f5 25. exf6 gxf6 26. Rd1 Rxd1
27. Rxd1 Bxc4 28. Rd7 Kf8 29. Rxa7 Bd5 30. Kf4 Rc2 31. Nd2 h5 32. Kg3 e5 33.
Nf3 Rc4 34. h3 Bd6 35. Rd7 Bxa3 36. Nh4 Ke8 37. Rh7 Rc3 38. Rxh5 Bc5 39. Nf5
Be4 40. Kh2 Bxe3 41. Nxe3 Kf7 42. Rh4 Bd3 43. Rh8 c5 44. Rc8 Rc1 45. Rc7+ Ke6
46. Rc6+ Kd7 47. Rxf6 c4 48. Rf7+ Kd6 49. Rf8 Kd7 50. Rf7+ Kc6 51. Rf8 c3 52.
Rc8+ Kd7 53. Rc5 e4 54. h4 Kd6 55. Rc8 Kd7 56. Rc5 Kd6 57. Rd5+ Kc6 58. Ra5 c2
59. Ra2 Rh1+ 60. Kxh1 c1=Q+ 61. Kh2 Qc5 62. g3 Qf8 63. Rb2 Qf6 64. Ra2 Qf3 65.
Kg1 Qh5 66. Rb2 Qc5 67. Rd2 Qc3 68. Rd1 Kb7 69. Kh2 Qb2 70. Kg1 Be2 71. Re1 Bf3
72. Nc4 Qc3 73. Rb1+ Kc7 74. Ne3 Qe5 75. Rc1+ Kb8 76. Rb1+ Ka8 77. Rc1 Qb2 78.
Re1 Kb7 79. Nc4 Qc3 80. Rb1+ Ka6 81. Ne3 Ka5 82. Nd5 Qd4 83. Ne3 Qg7 84. Nc4+
Ka4 85. Ne3 Ka3 86. Rc1 Ka2 87. Re1 Qc3 88. Kf1 Qd3+ 89. Kg1 Kb2 90. Ng2 Qd2
91. Re3 Qd7 92. Ne1 Qd1 93. Kh2 Be2 94. Ng2 Qf1 95. Rxe4 Qxf2 96. Rf4 Bf3 97.
Rxf3 Qxf3 98. Kh3 Kc3 99. Nf4 Kd4 100. h5 Ke5 101. h6 Qh1+ 0-1

[Event "OSW SC Caissa Schwarzenbach- SK Gau-Alg"]
[Site "?"]
[Date "2022.04.03"]
[Round "8.3"]
[White "Frede, Lennart"]
[Black "Uhrig, Christian"]
[Result "1-0"]
[WhiteElo "2174"]
[BlackElo "2055"]
[PlyCount "69"]
[EventDate "2022.??.??"]

1. e4 c5 2. Nf3 e6 3. Nc3 a6 4. d4 cxd4 5. Nxd4 Qc7 6. Be2 Nf6 7. O-O Be7 8.
Be3 d6 9. f4 Nbd7 10. Qe1 b5 11. Bf3 Bb7 12. a3 O-O 13. Rd1 Rac8 14. Kh1 Rfd8
15. Bg1 Nc5 16. Qe3 d5 17. exd5 exd5 18. Nf5 Nce4 19. Bxe4 dxe4 20. Qg3 g6 21.
Bb6 Qxb6 22. Nxe7+ Kg7 23. Nxc8 Rxd1 24. Nxd1 Bxc8 25. Qc3 Bb7 26. Ne3 Kg8 27.
f5 Nh5 28. fxg6 hxg6 29. Ng4 f5 30. Qb3+ Kg7 31. Ne5 Qf6 32. Qc3 Kg8 33. Rd1
Qg5 34. Qb3+ Kf8 35. Qf7# 1-0

[Event "OSW SC Caissa Schwarzenbach- SK Gau-Alg"]
[Site "?"]
[Date "2022.04.03"]
[Round "8.4"]
[White "Englisch, Colya"]
[Black "Friedrich, Marius"]
[Result "1-0"]
[WhiteElo "2157"]
[BlackElo "2083"]
[PlyCount "81"]
[EventDate "2022.??.??"]

1. d4 d5 2. Nf3 Nf6 3. g3 g6 4. Bg2 Bg7 5. O-O O-O 6. c4 c6 7. Qa4 Nbd7 8. cxd5
Nxd5 9. e4 N5b6 10. Qc2 e5 11. Rd1 Qe7 12. a4 a5 13. d5 cxd5 14. exd5 Qc5 15.
Nc3 f5 16. Ng5 Nf6 17. Qe2 e4 18. Be3 Qb4 19. Rd4 Qe7 20. d6 Qe5 21. f4 exf3
22. Nxf3 Qe8 23. Rd2 Ra6 24. Rad1 Nxa4 25. Nb5 Ng4 26. Bg5 Qxe2 27. Rxe2 Nxb2
28. Rd5 Bd7 29. Nc7 Rc6 30. Re7 Rf7 31. h3 Nf6 32. Rxf7 Kxf7 33. Ne5+ Kf8 34.
Bxf6 Rc1+ 35. Kh2 a4 36. Nxd7+ Kg8 37. Bxg7 Kxg7 38. Ne6+ Kh6 39. Ne5 a3 40.
Nf7+ Kh5 41. Bf3# 1-0

[Event "OSW SC Caissa Schwarzenbach- SK Gau-Alg"]
[Site "?"]
[Date "2022.04.03"]
[Round "8.6"]
[White "Gress, Alexander"]
[Black "Meng, Gunter"]
[Result "1-0"]
[WhiteElo "2104"]
[BlackElo "1975"]
[PlyCount "47"]
[EventDate "2022.??.??"]

1. e4 e6 2. d4 d5 3. Nc3 dxe4 4. Nxe4 Qd5 5. Bd3 Nf6 6. Qf3 Be7 7. Ne2 Nc6 8.
c3 Bd7 9. O-O O-O-O 10. Nf4 Qa5 11. b4 Qa4 12. Rb1 Nxe4 13. Qxe4 g5 14. Rb3
Bxb4 15. cxb4 gxf4 16. Bxf4 Qxa2 17. Rc3 Qb2 18. Rc4 Be8 19. Rb1 Qa2 20. b5 e5
21. bxc6 exf4 22. cxb7+ Kb8 23. Qe5 Bc6 24. Rxc6 1-0

[Event "OSW SC Caissa Schwarzenbach- SK Gau-Alg"]
[Site "?"]
[Date "2022.04.03"]
[Round "8.7"]
[White "Grieb, Stefan"]
[Black "Grewenig, Jan"]
[Result "0-1"]
[WhiteElo "1898"]
[BlackElo "2114"]
[PlyCount "64"]
[EventDate "2022.??.??"]

1. Nf3 Nf6 2. d4 g6 3. g3 Bg7 4. Bg2 d6 5. O-O O-O 6. c4 c6 7. Nc3 Qc7 8. e4 e5
9. d5 Nbd7 10. Bd2 Nc5 11. Qc2 a5 12. Rfc1 Nfd7 13. Ne1 f5 14. Nd3 Nxe4 15.
Nxe4 fxe4 16. Bxe4 Nf6 17. Bg2 Bf5 18. Qb3 a4 19. Qa3 c5 20. Ne1 Qd7 21. b4 b6
22. Bc3 Ne4 23. Bb2 Ng5 24. f3 h5 25. Qe3 Bh6 26. f4 Nh3+ 27. Kh1 a3 28. Bc3
exf4 29. Qd2 Kh7 30. Bxh3 Be4+ 31. Bg2 f3 32. Nxf3 Bxd2 0-1

[Event "OSW SC Caissa Schwarzenbach- SK Gau-Alg"]
[Site "?"]
[Date "2022.04.03"]
[Round "8.8"]
[White "Holle, Cedric"]
[Black "Frömbgen, Andreas"]
[Result "1-0"]
[WhiteElo "2111"]
[BlackElo "1788"]
[PlyCount "139"]
[EventDate "2022.??.??"]

1. e4 c5 2. Nf3 d6 3. d4 cxd4 4. Nxd4 Nf6 5. Nc3 a6 6. f3 e5 7. Nb3 Be6 8. Be3
Be7 9. Qd2 Qc7 10. g4 Nbd7 11. g5 Nh5 12. O-O-O b5 13. Nd5 Bxd5 14. exd5 O-O
15. Rg1 g6 16. Na5 Rfe8 17. Nc6 Bf8 18. Bh3 Nb8 19. Na5 Nf4 20. Bg4 Nd7 21.
Bxd7 Qxd7 22. Bxf4 exf4 23. Qxf4 Re2 24. Rge1 Rae8 25. Rxe2 Rxe2 26. h4 Qh3 27.
Nc6 Qh2 28. Qxh2 Rxh2 29. Nb8 Rxh4 30. Re1 f6 31. gxf6 Rf4 32. Nd7 Kf7 33. Re6
h5 34. Nxf8 Kxf8 35. Rxd6 h4 36. Kd2 h3 37. Rd8+ Kf7 38. Rh8 Rd4+ 39. Ke3 Rxd5
40. Rxh3 Kxf6 41. f4 a5 42. Rh8 Ke7 43. c3 a4 44. Ra8 Kd7 45. Ra5 Rh5 46. Kd4
Kc7 47. Ra7+ Kb6 48. Rg7 Rh2 49. Rxg6+ Ka5 50. b4+ axb3 51. axb3 Rf2 52. Ke5
Re2+ 53. Kf5 Re3 54. Rc6 b4 55. cxb4+ Kxb4 56. Rb6+ Kc5 57. Rb8 Kd6 58. Kf6 Rf3
59. f5 Kc7 60. Rb4 Kc6 61. Ke7 Re3+ 62. Kf7 Kc5 63. Rb8 Kc6 64. f6 Kd7 65. Rb4
Rf3 66. Rd4+ Kc7 67. b4 Ra3 68. Kf8 Rf3 69. f7 Rf5 70. Kg7 1-0